000 00546nam a2200157 4500
001 112674
003 ES-MaACL
005 20230906185606.0
007 t|
008 061121s1973 sp r ||||1| spa d
100 1 _aNieto Gallo, Gratiniano.
_985689
245 1 0 _aReflexiones sobre la universidad
_b: discurso en la toma de posesión del Rectorado de la Universidad Autónoma de Madrid /
_cGratiniano Nieto Gallo.
260 _aMadrid :
_b[s.n.],
_c1973 (
_fImp. Bética)
300 _a27 p. ;
_c20 cm.
852 _aES-MaACL
_j2082-F-16
_bR.87541
999 _c112674
_d112674